| 000 | 00650nam a2200229 a 4500 | ||
|---|---|---|---|
| 001 | 13989 | ||
| 003 | BD-JhCC | ||
| 005 | 20240521085718.0 | ||
| 008 | 181105s20002019bg |||| ||a| 000 0 ben d | ||
| 020 | _a9788177560787 | ||
| 035 | _a(BD-JhCC)13989 | ||
| 040 |
_aBD-JhCC _dBD-JhCC |
||
| 041 | _aben | ||
| 082 |
_a891.443 _bMAJ 2019 |
||
| 100 | _aমজুমদার, সমরেশ | ||
| 245 |
_aঅনেকেই একা / _cসমরেশ মজুমদার |
||
| 260 |
_aকলকাতা : _bআনন্দ; _c2019. |
||
| 300 |
_a147 p. : _c22 cm. |
||
| 650 | _aBengali Novel | ||
| 942 |
_2ddc _cBK _01 |
||
| 999 |
_c13989 _d13989 |
||